| 000 | 01132nam a22002537a 4500 | ||
|---|---|---|---|
| 005 | 20250331083756.0 | ||
| 008 | 250331b |||||||| |||| 00| 0 eng d | ||
| 082 | _aDPer 621.317 Ie21 December 2022 v.37 n. 12 part 1&2. | ||
| 100 |
_aLan, Jianxi. _eauthor. _966095 |
||
| 245 |
_aThree-phase multiplexing arm modular multilevel converter with high power density and small volume / _cJianxi Lan, Wu Chen, Xin Li, Yichao Sun, Liangcai Shu, and Fujin Deng. |
||
| 260 |
_aNew York ; _bThe Institute of Electrical and Electronics Engineers, Inc., _cDecember 2022. |
||
| 300 |
_avolume 37, pages 14587-14600, _billustration. |
||
| 500 | _aIEEE Transactions on Power Electronics, v. 37 n. 12, pages 14587-14600, December 2022. | ||
| 650 | 0 |
_aHigh power density. _966101 |
|
| 650 | 0 |
_amultiplexing arm. _966102 |
|
| 650 | 0 |
_asubsection modulation. _966103 |
|
| 700 |
_aLan, Jianxi. _eauthor. _966095 |
||
| 700 |
_aChen, Wu. _eauthor. _966096 |
||
| 700 |
_aLi, Xin. _eauthor. _966097 |
||
| 700 |
_aSun, Yichao. _eauthor. _966098 |
||
| 700 |
_aShu, Liangcai. _eauthor. _966099 |
||
| 700 |
_aDeng, Fujin. _eauthor. _966100 |
||
| 942 |
_2ddc _cPER |
||
| 999 |
_c23603 _d23603 |
||